| 000 | 00828cab a2200205 4500 | ||
|---|---|---|---|
| 001 | L136646 | ||
| 008 | 070213n2007 000 0 eng u | ||
| 035 | _a(Sirsi) u136646 | ||
| 041 | 0 | _aeng | |
| 100 | 1 | _aHarris, David | |
| 245 | 0 | 0 | _aFocus Ireland |
| 260 | _c2007 | ||
| 490 | 0 | 0 |
_aEstates Gazette _v(0706) 10 February 2007, 119-129(7) |
| 520 | _aReports on property market forecasts for the Republic of Ireland. Looks at how rising interest rates may affect yields in the Republic of Ireland's property investment market. Asks whether housebuyers in Northern Ireland are playing catch up now that the peace process has enabled a degree of political stabilisation. | ||
| 590 | _aKA | ||
| 651 | 4 | _aIRELAND | |
| 690 | _aPROPERTY-COMMERCIAL PROPERTY-COMMERCIAL PROPERTY MARKET | ||
| 700 | 1 | _aBuckley, Donal | |
| 942 | _n0 | ||
| 999 |
_c78390 _d78390 |
||